[Event "GBR-ch105 Major Open"]
[Site "Hull"]
[Date "2018.08.05"]
[Round "9"]
[White "McCarthy, Damian"]
[Black "Salmons, Calum"]
[Result "0-1"]
[WhiteElo "1867"]
[BlackElo "1923"]
[PlyCount "130"]
[EventDate "2018.07.28"]
[EventType "swiss"]
[EventRounds "9"]
[EventCountry "GBR"]
[SourceTitle "EXT 2019"]
[Source "ChessBase"]
[SourceDate "2018.10.10"]
[SourceVersion "1"]
[SourceVersionDate "2018.10.10"]
[SourceQuality "1"]

1. c4 c5 2. g3 g6 3. Bg2 Bg7 4. Nc3 Nc6 5. d3 Nf6 6. e3 O-O 7. Nge2 e6 8. e4 a6
9. f4 d6 10. O-O Rb8 11. a4 Bd7 12. Rb1 Nb4 13. h3 b5 14. axb5 axb5 15. b3 Bc6
16. g4 d5 17. e5 Nd7 18. Nxb5 Bxb5 19. cxb5 Rxb5 20. Nc3 Ra5 21. g5 Nb8 22. Na4
N8a6 23. Be3 Qb8 24. Re1 Rb5 25. Bf2 Rc8 26. Bf1 d4 27. Re4 Nd5 28. Be2 Nab4
29. Qd2 Bf8 30. Bd1 Nb6 31. Ra1 N4d5 32. Bc2 Nxa4 33. Rxa4 Nc3 34. Ra1 Nxe4 35.
dxe4 Qb7 36. f5 Ra8 37. Rf1 Ra2 38. Qd3 Rba5 39. h4 Rb2 40. h5 Raa2 41. Bd1 Qb4
42. fxg6 Qc3 43. gxf7+ Kg7 44. h6+ Kh8 45. Qf3 Qxf3 46. Bxf3 Ra7 47. Bg4 Rxf7
48. Bxe6 Rf4 49. Bg3 Rxf1+ 50. Kxf1 d3 51. Ke1 Re2+ 52. Kd1 Re3 53. Be1 Be7 54.
Bd5 Re2 55. Bd2 Rg2 56. Bc4 Rg1+ 57. Be1 Bxg5 58. Bxd3 Bh4 59. Ke2 Rxe1+ 60.
Kf3 Bg5 61. Kg4 Bxh6 62. Kf5 Kg8 63. Ke6 Kf8 64. Kd5 Be3 65. Bc4 Ke7 0-1

[Event "GBR-ch105 Major Open"]
[Site "Hull"]
[Date "2018.08.05"]
[Round "9"]
[White "Metcalfe, Charles P"]
[Black "Rushbrooke, Remy"]
[Result "1-0"]
[WhiteElo "1762"]
[BlackElo "1889"]
[PlyCount "101"]
[EventDate "2018.07.28"]
[EventType "swiss"]
[EventRounds "9"]
[EventCountry "GBR"]
[SourceTitle "EXT 2019"]
[Source "ChessBase"]
[SourceDate "2018.10.10"]
[SourceVersion "1"]
[SourceVersionDate "2018.10.10"]
[SourceQuality "1"]

1. d4 Nf6 2. Nf3 e6 3. c4 Nc6 4. a3 d6 5. Nc3 g6 6. e4 Bg7 7. Be2 O-O 8. Be3
Nd7 9. b4 e5 10. d5 Ne7 11. Nd2 f5 12. f3 Nf6 13. c5 f4 14. Bf2 g5 15. Nc4 h5
16. cxd6 cxd6 17. Nb5 Ne8 18. Bxa7 Ng6 19. Nb6 Rxa7 20. Nxa7 Qxb6 21. Nxc8 Qc7
22. Rc1 Qb8 23. a4 Nf6 24. Qc2 Kh7 25. a5 Rxc8 26. Qxc8 Qa7 27. Qc3 Nh4 28. Kd2
Nxg2 29. Rhg1 Nxd5 30. exd5 e4 31. Qc4 Qe3+ 32. Kc2 Kh6 33. Rxg2 exf3 34. Bxf3
Qxf3 35. Re2 Be5 36. Rxe5 dxe5 37. d6 Qg4 38. Qf7 Qe2+ 39. Kb3 Qd3+ 40. Rc3
Qb1+ 41. Ka4 Qa1+ 42. Ra3 Qd1+ 43. Rb3 Qa1+ 44. Kb5 Qh1 45. Qf6+ Kh7 46. Qf5+
Kh6 47. Qf8+ Kh7 48. Qf7+ Kh6 49. Rc3 Qf1+ 50. Qc4 Qd1 51. Qe6+ 1-0

[Event "GBR-ch105 Major Open"]
[Site "Hull"]
[Date "2018.08.05"]
[Round "9"]
[White "Nayak, Raghav"]
[Black "Karia, Rishul"]
[Result "0-1"]
[WhiteElo "1901"]
[BlackElo "1836"]
[PlyCount "120"]
[EventDate "2018.07.28"]
[EventType "swiss"]
[EventRounds "9"]
[EventCountry "GBR"]
[SourceTitle "EXT 2019"]
[Source "ChessBase"]
[SourceDate "2018.10.10"]
[SourceVersion "1"]
[SourceVersionDate "2018.10.10"]
[SourceQuality "1"]

1. e4 e5 2. Nf3 Nc6 3. Bb5 a6 4. Ba4 Nge7 5. c3 g6 6. d4 Bg7 7. O-O O-O 8. Re1
d6 9. a3 h6 10. d5 Nb8 11. c4 f5 12. Nbd2 f4 13. h3 g5 14. Nh2 Ng6 15. b4 Nd7
16. Bxd7 Bxd7 17. c5 Qe7 18. a4 Qf6 19. Ba3 Rad8 20. Rc1 Nh4 21. Rc3 Qg6 22.
Kh1 Qe8 23. a5 Bb5 24. Qb3 Kh7 25. Rec1 Qh5 26. f3 Qg6 27. cxd6 cxd6 28. Rc7
Rf7 29. Qc3 Rdd7 30. Rc8 Rfe7 31. Qb2 Qf7 32. Nc4 Bf8 33. Rc3 Re8 34. Rxe8 Qxe8
35. Nb6 Re7 36. Qc2 Qf7 37. Na8 Qe8 38. Nc7 Qd7 39. Ne6 Bg7 40. Qf2 Rxe6 41.
dxe6 Qxe6 42. Qd2 h5 43. Qd5 Qxd5 44. exd5 e4 45. Rc7 e3 46. Bb2 Nf5 47. Kg1
Kg6 48. Bxg7 Nxg7 49. Rxb7 Bd3 50. Rb6 Nf5 51. b5 Ng3 52. Rxd6+ Kf5 53. Rc6
Ne2+ 54. Kh1 Bxb5 55. Rb6 Nd4 56. Kg1 Bd3 57. g4+ fxg3 58. Nf1 Bxf1 59. Kxf1
e2+ 60. Ke1 g2 0-1

[Event "GBR-ch105 Major Open"]
[Site "Hull"]
[Date "2018.08.05"]
[Round "9"]
[White "Nelson, Omowale"]
[Black "Rice, Christopher B"]
[Result "1/2-1/2"]
[WhiteElo "1966"]
[BlackElo "1972"]
[PlyCount "142"]
[EventDate "2018.07.28"]
[EventType "swiss"]
[EventRounds "9"]
[EventCountry "GBR"]
[SourceTitle "EXT 2019"]
[Source "ChessBase"]
[SourceDate "2018.10.10"]
[SourceVersion "1"]
[SourceVersionDate "2018.10.10"]
[SourceQuality "1"]

1. d4 a6 2. c4 b5 3. cxb5 axb5 4. Qb3 e6 5. Na3 c6 6. g3 Nf6 7. Bd2 Ne4 8. Nb1
Nxd2 9. Nxd2 Ra4 10. Ngf3 Bb4 11. Rd1 Qa5 12. a3 Bxd2+ 13. Rxd2 b4 14. axb4
Rxb4 15. Qc2 Ra4 16. Qc3 Ra1+ 17. Rd1 Rxd1+ 18. Kxd1 Qa7 19. Qa3 Qb6 20. e3 Na6
21. Ne5 Nb4 22. Nd3 Nxd3 23. Bxd3 Qb8 24. Kd2 f5 25. Rc1 Kf7 26. Rc3 Rf8 27.
Rb3 Qc7 28. Qc5 d6 29. Qb6 Qxb6 30. Rxb6 Bd7 31. Rb7 Ke7 32. b4 Kd8 33. Kc3 Rf6
34. f4 h5 35. b5 cxb5 36. Rb8+ Kc7 37. Rh8 h4 38. Rxh4 Rh6 39. Rxh6 gxh6 40.
Kb4 Kb6 41. e4 Ka6 42. d5 fxe4 43. dxe6 exd3 44. exd7 d2 45. d8=Q d1=Q 46. Qa8+
Kb6 47. Qb8+ Kc6 48. Qxb5+ Kc7 49. Qa5+ Kb7 50. Qb5+ Kc7 51. Qc4+ Kd7 52. Qf7+
Kc6 53. Qe8+ Kc7 54. Qe3 Kd7 55. Kc3 Qa1+ 56. Kd3 Qb1+ 57. Ke2 Qc2+ 58. Kf3
Qxh2 59. Kg4 Qb2 60. f5 Qg7+ 61. Kf3 Qf6 62. Qe4 Qc3+ 63. Kg4 Qg7+ 64. Kh3 Qf6
65. Qb7+ Kd8 66. Qb8+ Kd7 67. Qb5+ Kd8 68. Qd5 Kd7 69. g4 Qc3+ 70. Kh4 Qf6+ 71.
Kh3 Qc3+ 1/2-1/2

[Event "GBR-ch105 Major Open"]
[Site "Hull"]
[Date "2018.08.05"]
[Round "9"]
[White "Ogunshola, Ben"]
[Black "Villiers, Thomas"]
[Result "0-1"]
[WhiteElo "2143"]
[BlackElo "2173"]
[PlyCount "116"]
[EventDate "2018.07.28"]
[EventType "swiss"]
[EventRounds "9"]
[EventCountry "GBR"]
[SourceTitle "EXT 2019"]
[Source "ChessBase"]
[SourceDate "2018.10.10"]
[SourceVersion "1"]
[SourceVersionDate "2018.10.10"]
[SourceQuality "1"]

1. c4 Nf6 2. Nf3 c5 3. Nc3 e6 4. g3 b6 5. Bg2 Bb7 6. O-O Be7 7. d4 cxd4 8. Qxd4
O-O 9. Bf4 Nc6 10. Qd2 Bb4 11. Ng5 d5 12. cxd5 exd5 13. a3 Bxc3 14. Qxc3 Re8
15. Rfe1 Rc8 16. Bh3 Ra8 17. Rad1 h6 18. Nf3 g5 19. Ne5 d4 20. Nxc6 dxc3 21.
Nxd8 c2 22. Rc1 Raxd8 23. Be3 Be4 24. f3 Bg6 25. Bf2 Rd2 26. e4 g4 27. Be3 Rd1
28. Bxg4 Nxg4 29. fxg4 Rxe4 30. Kf2 Rxe1 31. Rxe1 Rxg4 32. Bxh6 Rc4 33. h3 Be4
34. Bc1 f5 35. g4 Kf7 36. Ke3 Bg2 37. Kd3 Rc6 38. Bf4 Bxh3 39. Rc1 Bg2 40. gxf5
Kf6 41. Rxc2 Be4+ 42. Kxe4 Rxc2 43. Be5+ Ke7 44. Kd5 Kd7 45. Bd4 Rc1 46. f6 Rf1
47. Be5 Rf5 48. Ke4 Ke6 49. Bd4 Rh5 50. Bc3 Rh4+ 51. Kf3 Kf5 52. f7 Rf4+ 53.
Kg3 Ke4 54. a4 Rxf7 55. a5 Rf3+ 56. Kg2 Rxc3 57. bxc3 bxa5 58. Kf2 a4 0-1

[Event "GBR-ch105 Major Open"]
[Site "Hull"]
[Date "2018.08.05"]
[Round "9"]
[White "Robertson, Jim"]
[Black "Johnson, Paul A"]
[Result "0-1"]
[WhiteElo "1604"]
[BlackElo "1842"]
[PlyCount "78"]
[EventDate "2018.07.28"]
[EventType "swiss"]
[EventRounds "9"]
[EventCountry "GBR"]
[SourceTitle "EXT 2019"]
[Source "ChessBase"]
[SourceDate "2018.10.10"]
[SourceVersion "1"]
[SourceVersionDate "2018.10.10"]
[SourceQuality "1"]

1. d4 Nf6 2. e3 d5 3. Bd3 e6 4. f4 c5 5. c3 Nc6 6. Nf3 Qc7 7. Ne5 Be7 8. Nd2
Bd7 9. O-O g6 10. Qe2 Nxe5 11. fxe5 Nh5 12. Nf3 O-O-O 13. Bd2 Rdf8 14. e4 h6
15. exd5 exd5 16. dxc5 Bxc5+ 17. Be3 Nf4 18. Qd2 Nxd3 19. Qxd3 Bf5 20. Qe2 Re8
21. Qf2 Bxe3 22. Qxe3 Kb8 23. Qd4 Be4 24. Rae1 Re7 25. e6 Rhe8 26. exf7 Rxf7
27. Nd2 Rfe7 28. Nxe4 dxe4 29. Re3 Rd8 30. Qb4 a5 31. Qb5 Re5 32. Qe2 Qb6 33.
Kh1 Rde8 34. g4 h5 35. Re1 hxg4 36. Qxg4 Qxb2 37. Qxg6 Qxa2 38. Rxe4 Rxe4 39.
Rxe4 Qb1+ 0-1

[Event "GBR-ch105 Major Open"]
[Site "Hull"]
[Date "2018.08.05"]
[Round "9"]
[White "Royal, Shreyas"]
[Black "Jayawarna, Nugith"]
[Result "1-0"]
[WhiteElo "1927"]
[BlackElo "2013"]
[PlyCount "57"]
[EventDate "2018.07.28"]
[EventType "swiss"]
[EventRounds "9"]
[EventCountry "GBR"]
[SourceTitle "EXT 2019"]
[Source "ChessBase"]
[SourceDate "2018.10.10"]
[SourceVersion "1"]
[SourceVersionDate "2018.10.10"]
[SourceQuality "1"]

1. d4 Nf6 2. c4 g6 3. Nc3 Bg7 4. e4 d6 5. Nge2 O-O 6. Ng3 e5 7. d5 c6 8. Be2 a6
9. dxc6 bxc6 10. Bg5 h6 11. Be3 Qc7 12. Qd2 h5 13. O-O Be6 14. Rad1 Rd8 15. f4
Ng4 16. f5 Nxe3 17. Qxe3 Bc8 18. fxg6 fxg6 19. Qg5 Kh7 20. Bxh5 gxh5 21. Nxh5
Ra7 22. Rf6 Qb6+ 23. Kh1 Re7 24. Rdf1 Qc7 25. Rh6+ Bxh6 26. Nf6+ Kh8 27. Qxh6+
Rh7 28. Nxh7 Qxh7 29. Qf6+ 1-0

[Event "GBR-ch105 Major Open"]
[Site "Hull"]
[Date "2018.08.05"]
[Round "9"]
[White "Somton, Anita"]
[Black "Sheppard, Derek Alan"]
[Result "1/2-1/2"]
[WhiteElo "1843"]
[BlackElo "1747"]
[PlyCount "41"]
[EventDate "2018.07.28"]
[EventType "swiss"]
[EventRounds "9"]
[EventCountry "GBR"]
[SourceTitle "EXT 2019"]
[Source "ChessBase"]
[SourceDate "2018.10.10"]
[SourceVersion "1"]
[SourceVersionDate "2018.10.10"]
[SourceQuality "1"]

1. e4 e6 2. d4 d5 3. Nc3 dxe4 4. Nxe4 Nf6 5. Bg5 Be7 6. Bxf6 gxf6 7. Nf3 b6 8.
Bb5+ c6 9. Bd3 Bb7 10. Qe2 Nd7 11. O-O-O Qc7 12. Kb1 O-O-O 13. Rhe1 Nf8 14. c4
f5 15. Ned2 c5 16. d5 Bf6 17. Nb3 Kb8 18. dxe6 fxe6 19. g3 Rg8 20. Bc2 Rxd1+
21. Rxd1 1/2-1/2

[Event "GBR-ch105 Major Open"]
[Site "Hull"]
[Date "2018.08.05"]
[Round "9"]
[White "Stoyanov, Viktor"]
[Black "Janiszewski, Maciej"]
[Result "1-0"]
[WhiteElo "2177"]
[BlackElo "2130"]
[PlyCount "79"]
[EventDate "2018.07.28"]
[EventType "swiss"]
[EventRounds "9"]
[EventCountry "GBR"]
[SourceTitle "EXT 2019"]
[Source "ChessBase"]
[SourceDate "2018.10.10"]
[SourceVersion "1"]
[SourceVersionDate "2018.10.10"]
[SourceQuality "1"]

1. e4 Nf6 2. Nc3 d5 3. e5 d4 4. exf6 dxc3 5. fxg7 cxd2+ 6. Qxd2 Qxd2+ 7. Bxd2
Bxg7 8. O-O-O O-O 9. Ne2 c5 10. Bc3 Nc6 11. Bxg7 Kxg7 12. Nc3 Bf5 13. Bd3 Bg6
14. Rhe1 Rad8 15. Be4 Rxd1+ 16. Rxd1 Nd4 17. Bxb7 Bxc2 18. Re1 e6 19. Be4 Bxe4
20. Rxe4 f5 21. Re5 Rc8 22. Na4 c4 23. Kd2 Kf6 24. f4 Rg8 25. Kc3 Rg4 26. g3
Nf3 27. Re2 e5 28. fxe5+ Nxe5 29. Nc5 h5 30. Rd2 Nf3 31. Rf2 Ng5 32. Re2 h4 33.
Nd7+ Kg7 34. Re7+ Kh6 35. Nf6 Ne4+ 36. Rxe4 Rxe4 37. Nxe4 fxe4 38. Kxc4 Kg5 39.
Kd4 Kf5 40. Ke3 1-0

[Event "GBR-ch105 Major Open"]
[Site "Hull"]
[Date "2018.08.05"]
[Round "9"]
[White "Taylor, Adam A"]
[Black "Modi, Shyam Jagdish"]
[Result "0-1"]
[WhiteElo "2146"]
[BlackElo "1973"]
[PlyCount "92"]
[EventDate "2018.07.28"]
[EventType "swiss"]
[EventRounds "9"]
[EventCountry "GBR"]
[SourceTitle "EXT 2019"]
[Source "ChessBase"]
[SourceDate "2018.10.10"]
[SourceVersion "1"]
[SourceVersionDate "2018.10.10"]
[SourceQuality "1"]

1. Nf3 Nf6 2. g3 b5 3. Bg2 Bb7 4. d3 e6 5. O-O c5 6. e4 d6 7. Re1 Be7 8. Nc3 b4
9. Ne2 O-O 10. Nf4 Nbd7 11. e5 dxe5 12. Nxe5 Bxg2 13. Nxd7 Qxd7 14. Nxg2 Nd5
15. Ne3 Nxe3 16. Bxe3 Rac8 17. Qg4 Bf6 18. Rab1 Rfd8 19. Qc4 Qd5 20. Qa6 h5 21.
h4 Bd4 22. Qxa7 Ra8 23. Qc7 Rxa2 24. Bxd4 Qxd4 25. Re4 Qd6 26. Qxd6 Rxd6 27.
Rc4 Rd5 28. b3 Kf8 29. Re1 Ke7 30. Kf1 Kd6 31. Ree4 f5 32. Re2 Rd4 33. Rxd4+
cxd4 34. f3 Ra8 35. Kf2 Rc8 36. f4 Rc5 37. Kf3 e5 38. Rf2 e4+ 39. dxe4 Rc3+ 40.
Kg2 fxe4 41. Rd2 Kd5 42. Re2 d3 43. cxd3 Rxd3 44. Rc2 Rxb3 45. Rc7 Rb2+ 46. Kf1
b3 0-1

[Event "GBR-ch105 Major Open"]
[Site "Hull"]
[Date "2018.08.05"]
[Round "9"]
[White "Teh, Eu Wen Aron"]
[Black "Cooper, John G ENG"]
[Result "1/2-1/2"]
[WhiteElo "2286"]
[BlackElo "2192"]
[PlyCount "144"]
[EventDate "2018.07.28"]
[EventType "swiss"]
[EventRounds "9"]
[EventCountry "GBR"]
[SourceTitle "EXT 2019"]
[Source "ChessBase"]
[SourceDate "2018.10.10"]
[SourceVersion "1"]
[SourceVersionDate "2018.10.10"]
[SourceQuality "1"]

1. d4 d5 2. c4 e6 3. Nc3 c5 4. cxd5 cxd4 5. Qxd4 Nc6 6. Qd1 exd5 7. Qxd5 Bd7 8.
Nf3 Nf6 9. Qd1 Bc5 10. e3 Qe7 11. Be2 O-O-O 12. O-O g5 13. b4 Bxb4 14. Bb2 Rhg8
15. Nd4 Kb8 16. Ncb5 Ne5 17. Rb1 Ne4 18. a3 Ba5 19. Qc2 Nd2 20. Bc3 Bxc3 21.
Qxc3 Bxb5 22. Rxb5 Nxf1 23. Rxe5 Qd6 24. Bxf1 Rc8 25. Qb2 Rc5 26. Rxc5 Qxc5 27.
Bd3 Rc8 28. g3 Qc3 29. Qxc3 Rxc3 30. Bxh7 Rxa3 31. h4 gxh4 32. gxh4 Ra6 33. Bd3
Rh6 34. Nf5 Rh5 35. e4 a6 36. Kg2 b5 37. Kf3 Rh8 38. Ke3 Kc7 39. Kd4 Kb6 40.
Be2 a5 41. h5 a4 42. Ne3 Ka5 43. Kc3 Rc8+ 44. Kb2 Rd8 45. h6 Rd6 46. Bh5 Rxh6
47. Bxf7 Rf6 48. Bd5 Rxf2+ 49. Kb1 Kb4 50. Bc6 Kc5 51. Bd7 Re2 52. Nd5 a3 53.
Nc3 Rb2+ 54. Ka1 Rd2 55. Bxb5 Kb4 56. Nb1 Rf2 57. Bc6 a2 58. Bd5 axb1=Q+ 59.
Kxb1 Kc3 60. Ka1 Rb2 61. e5 Rb5 62. Bf7 Rxe5 63. Kb1 Rb5+ 64. Ka1 Kc2 65. Bg6+
Kc1 66. Bf7 Rf5 67. Be6 Rf6 68. Bg8 Kc2 69. Bh7+ Kb3 70. Bg8+ Ka3 71. Bh7 Rf1+
72. Bb1 Rh1 1/2-1/2

[Event "GBR-ch105 Major Open"]
[Site "Hull"]
[Date "2018.08.05"]
[Round "9"]
[White "Vleeshhouwer, Douglas"]
[Black "Brown, Tom"]
[Result "1-0"]
[WhiteElo "1946"]
[BlackElo "1781"]
[PlyCount "79"]
[EventDate "2018.07.28"]
[EventType "swiss"]
[EventRounds "9"]
[EventCountry "GBR"]
[SourceTitle "EXT 2019"]
[Source "ChessBase"]
[SourceDate "2018.10.10"]
[SourceVersion "1"]
[SourceVersionDate "2018.10.10"]
[SourceQuality "1"]

1. e4 c6 2. d4 d5 3. exd5 cxd5 4. c4 Nf6 5. Nc3 e6 6. c5 Nc6 7. Nf3 Be7 8. a3
Ne4 9. Qc2 Nxc3 10. Qxc3 a5 11. Bb5 O-O 12. O-O Bd7 13. Bf4 Bf6 14. Bxc6 bxc6
15. b4 Bc8 16. Rfb1 axb4 17. Rxb4 Qa5 18. Nd2 Bd8 19. Nb3 Qa7 20. Qg3 f6 21.
Bb8 Qd7 22. a4 Rf7 23. Bd6 Bc7 24. Bxc7 Qxc7 25. Qxc7 Rxc7 26. Rb6 Kf7 27. f4
e5 28. dxe5 fxe5 29. fxe5 Ke6 30. Nd4+ Kxe5 31. Nxc6+ Ke4 32. Rb4+ Kd3 33. Ra3+
Kd2 34. Rf4 Kc1 35. Rf2 Bf5 36. Nd4 Rb8 37. Rc3+ Kb1 38. Rxf5 Rb4 39. Rf1+ Kb2
40. Rc2+ 1-0

[Event "GBR-ch105 Major Open"]
[Site "Hull"]
[Date "2018.08.05"]
[Round "9"]
[White "Whitehead, Mark A"]
[Black "Boswell, Jacob Connor"]
[Result "1/2-1/2"]
[WhiteElo "1906"]
[BlackElo "1992"]
[PlyCount "55"]
[EventDate "2018.07.28"]
[EventType "swiss"]
[EventRounds "9"]
[EventCountry "GBR"]
[SourceTitle "EXT 2019"]
[Source "ChessBase"]
[SourceDate "2018.10.10"]
[SourceVersion "1"]
[SourceVersionDate "2018.10.10"]
[SourceQuality "1"]

1. e4 e5 2. Nf3 Nc6 3. Bb5 a6 4. Ba4 Nf6 5. O-O Be7 6. Re1 b5 7. Bb3 O-O 8. a4
Bb7 9. d3 d6 10. c3 Na5 11. Bc2 c5 12. Nbd2 Bc8 13. axb5 Bg4 14. bxa6 Bxf3 15.
Nxf3 Qb6 16. Bd2 Rxa6 17. b4 Nc6 18. bxc5 dxc5 19. Rxa6 Qxa6 20. Ba4 Nd7 21. c4
Ra8 22. Bb5 Qb7 23. Bc3 f6 24. Nh4 Bf8 25. Qg4 Kf7 26. Qh5+ Kg8 27. Qg4 Kf7 28.
Qh5+ 1/2-1/2

[Event "GBR-ch105 Major Open"]
[Site "Hull"]
[Date "2018.08.05"]
[Round "9"]
[White "Willow, Jonah B"]
[Black "Shaw, Peter"]
[Result "1-0"]
[WhiteElo "2265"]
[BlackElo "2093"]
[PlyCount "73"]
[EventDate "2018.07.28"]
[EventType "swiss"]
[EventRounds "9"]
[EventCountry "GBR"]
[SourceTitle "EXT 2019"]
[Source "ChessBase"]
[SourceDate "2018.10.10"]
[SourceVersion "1"]
[SourceVersionDate "2018.10.10"]
[SourceQuality "1"]

1. e4 e6 2. d3 d5 3. Nd2 c5 4. g3 Nc6 5. Bg2 g6 6. Ngf3 Bg7 7. O-O Nge7 8. Re1
b6 9. e5 Qc7 10. Qe2 a5 11. Nf1 a4 12. c3 Ba6 13. Bf4 h6 14. h4 O-O 15. N1h2
Qd8 16. Qd2 Kh7 17. Ng4 Nf5 18. Rad1 Qe7 19. h5 gxh5 20. Ne3 Nxe3 21. Qxe3 Rae8
22. Nh4 f6 23. d4 cxd4 24. cxd4 fxe5 25. dxe5 Qc5 26. Qf3 Bxe5 27. Qxh5 Bxf4
28. Qg6+ Kh8 29. gxf4 Qe7 30. Qxh6+ Kg8 31. Rxe6 Qxe6 32. Bxd5 Nd8 33. Bxe6+
Nxe6 34. Rd7 Rf7 35. Qg6+ Rg7 36. Rxg7+ Nxg7 37. Nf5 1-0

[Event "GBR-ch105 Major Open"]
[Site "Hull"]
[Date "2018.08.05"]
[Round "9"]
[White "Wilson, Matthew R"]
[Black "Akeya Price, Robert A"]
[Result "1/2-1/2"]
[WhiteElo "1816"]
[BlackElo "1820"]
[PlyCount "155"]
[EventDate "2018.07.28"]
[EventType "swiss"]
[EventRounds "9"]
[EventCountry "GBR"]
[SourceTitle "EXT 2019"]
[Source "ChessBase"]
[SourceDate "2018.10.10"]
[SourceVersion "1"]
[SourceVersionDate "2018.10.10"]
[SourceQuality "1"]

1. c4 Nf6 2. Nf3 e6 3. b3 d5 4. Bb2 Nbd7 5. e3 Be7 6. Be2 O-O 7. O-O c6 8. d4
Ne4 9. Nfd2 f5 10. f3 Nxd2 11. Nxd2 Qe8 12. Qc2 Qh5 13. Rfe1 g5 14. e4 Bd6 15.
e5 Bc7 16. Ba3 Re8 17. cxd5 Bb6 18. Bb2 cxd5 19. f4 Qg6 20. Nf3 h6 21. Qd2 gxf4
22. Qxf4 Kh7 23. Rac1 Rg8 24. g3 Qg4 25. Kh1 Qxf4 26. gxf4 Nf8 27. Nh4 Bd7 28.
Red1 Bc6 29. Ba3 Nd7 30. Bh5 Rg7 31. Nf3 Rag8 32. Rg1 Rxg1+ 33. Rxg1 Rxg1+ 34.
Kxg1 Kg7 35. Kf2 Bb5 36. Ke3 a5 37. Ne1 Ba7 38. Nd3 Bxd3 39. Kxd3 b5 40. Be8
Nf8 41. Bxb5 Ng6 42. Ke3 Kf7 43. Bd6 Bb6 44. a3 Ne7 45. Bc5 Bc7 46. Bd7 Ng6 47.
a4 Nh4 48. Kf2 Bd8 49. b4 axb4 50. Bxb4 Bb6 51. Bc5 Ba5 52. Bb5 Kg8 53. Be8 Kg7
54. Bh5 Ng6 55. Kg3 Kf7 56. Kf3 Kg7 57. Bxg6 Kxg6 58. Ke3 Kh5 59. Bf8 Kg6 60.
Kd3 h5 61. Ba3 Kf7 62. Bb2 Ke7 63. Bc3 Bb6 64. a5 Ba7 65. Kc2 Kd7 66. Kb3 Kc6
67. Ka4 Bb8 68. Bb2 Ba7 69. Kb4 Bb8 70. Bc3 Ba7 71. Kb3 Kb5 72. Kc2 Kc4 73. Kd2
Bb8 74. Bb2 Kb5 75. Bc3 Kc4 76. Kc2 Ba7 77. Kd2 Bb8 78. Kc2 1/2-1/2

[Event "GBR-ch105 Major Open"]
[Site "Hull"]
[Date "2018.08.05"]
[Round "9"]
[White "Yoon, Jacob D"]
[Black "Cowan, Richard M"]
[Result "1-0"]
[WhiteElo "2039"]
[BlackElo "1865"]
[PlyCount "61"]
[EventDate "2018.07.28"]
[EventType "swiss"]
[EventRounds "9"]
[EventCountry "GBR"]
[SourceTitle "EXT 2019"]
[Source "ChessBase"]
[SourceDate "2018.10.10"]
[SourceVersion "1"]
[SourceVersionDate "2018.10.10"]
[SourceQuality "1"]

1. d4 Nf6 2. c4 g6 3. Nc3 Bg7 4. g3 d5 5. cxd5 Nxd5 6. Bd2 O-O 7. Nf3 c6 8. Bg2
Nd7 9. e4 N5b6 10. O-O e5 11. dxe5 Nxe5 12. Nxe5 Bxe5 13. Qc2 Nc4 14. Bh6 Re8
15. Bc1 Qa5 16. Ne2 b5 17. Kh1 Qb6 18. Rb1 Bg7 19. b3 Ne5 20. Be3 Qa6 21. h3
Bb7 22. Rbd1 Rad8 23. Rd2 Qa5 24. Rfd1 Rxd2 25. Rxd2 f6 26. f4 Nf7 27. Rd7 Nd8
28. Qd1 a6 29. b4 Qxb4 30. Rxd8 Qe7 31. Rd7 1-0

[Event "GBR-ch105 Seniors 50"]
[Site "Hull"]
[Date "2018.07.29"]
[Round "1"]
[White "Allison, Paul A"]
[Black "Hodge, Steve R"]
[Result "0-1"]
[WhiteElo "1615"]
[BlackElo "2005"]
[PlyCount "62"]
[EventDate "2018.07.29"]
[EventType "swiss"]
[EventRounds "7"]
[EventCountry "GBR"]
[SourceTitle "CBM 185 Extra"]
[Source "ChessBase"]
[SourceDate "2018.06.29"]
[SourceVersion "1"]
[SourceVersionDate "2018.06.29"]
[SourceQuality "1"]

1. e4 c5 2. Nf3 Nc6 3. d4 cxd4 4. Nxd4 Nf6 5. Nc3 e5 6. Ndb5 d6 7. Bg5 a6 8.
Na3 b5 9. Nd5 Be7 10. Bxf6 Bxf6 11. c4 b4 12. Nc2 a5 13. g3 O-O 14. h4 g6 15.
Qf3 Bg7 16. h5 Ra7 17. Bd3 Be6 18. O-O-O Rb7 19. Nce3 Nd4 20. Qg2 a4 21. g4 Qg5
22. Qh3 Bf6 23. Nxf6+ Qxf6 24. Rdf1 a3 25. b3 Qf4 26. Qg3 g5 27. Kb1 Qf6 28.
Nd5 Bxd5 29. exd5 e4 30. Bxe4 Ne2 31. Bxh7+ Kh8 0-1

[Event "GBR-ch105 Seniors 50"]
[Site "Hull"]
[Date "2018.07.29"]
[Round "1"]
[White "Blades, Nigel"]
[Black "Kenning, Paul H"]
[Result "1/2-1/2"]
[WhiteElo "2072"]
[BlackElo "1841"]
[PlyCount "20"]
[EventDate "2018.07.29"]
[EventType "swiss"]
[EventRounds "7"]
[EventCountry "GBR"]
[SourceTitle "CBM 185 Extra"]
[Source "ChessBase"]
[SourceDate "2018.06.29"]
[SourceVersion "1"]
[SourceVersionDate "2018.06.29"]
[SourceQuality "1"]

1. d4 d6 2. e4 Nf6 3. Nc3 Nbd7 4. Nf3 e5 5. Bc4 Be7 6. O-O c6 7. a4 a5 8. Re1
Qc7 9. b3 h6 10. Bb2 O-O 1/2-1/2

[Event "GBR-ch105 Seniors 50"]
[Site "Hull"]
[Date "2018.07.29"]
[Round "1"]
[White "Brown, Alan M"]
[Black "Couchman, Andrew A"]
[Result "1-0"]
[WhiteElo "1976"]
[BlackElo "1130"]
[PlyCount "97"]
[EventDate "2018.07.29"]
[EventType "swiss"]
[EventRounds "7"]
[EventCountry "GBR"]
[SourceTitle "CBM 185 Extra"]
[Source "ChessBase"]
[SourceDate "2018.06.29"]
[SourceVersion "1"]
[SourceVersionDate "2018.06.29"]
[SourceQuality "1"]

1. d4 d5 2. c4 c6 3. cxd5 cxd5 4. Nc3 Nf6 5. Nf3 Bg4 6. Ne5 Bf5 7. Bf4 Nbd7 8.
e3 Nxe5 9. dxe5 Nd7 10. Qxd5 Qb6 11. Qb5 Be6 12. Be2 a6 13. Qxb6 Nxb6 14. O-O
Bc4 15. Rac1 e6 16. Rfd1 Bxe2 17. Nxe2 Rc8 18. Rxc8+ Nxc8 19. Rc1 Kd7 20. e4
Na7 21. Nd4 Be7 22. Be3 Rc8 23. Rd1 Ke8 24. Nxe6 fxe6 25. Bxa7 Bc5 26. Bxc5
Rxc5 27. Kf1 Rxe5 28. f3 Rc5 29. Rd2 Ke7 30. Ke2 Rc6 31. Kd1 Rc7 32. Rc2 Rxc2
33. Kxc2 Kd6 34. f4 b6 35. Kd3 g6 36. Kd4 Ke7 37. Ke5 h6 38. g4 g5 39. f5 exf5
40. exf5 Kf7 41. Kd5 Kf6 42. Kc6 h5 43. h3 hxg4 44. hxg4 b5 45. Kb6 b4 46. Kxa6
Ke5 47. Kb5 Kf4 48. f6 Kxg4 49. f7 1-0

[Event "GBR-ch105 Seniors 50"]
[Site "Hull"]
[Date "2018.07.29"]
[Round "1"]
[White "Chapman, Terry PD"]
[Black "McMahon, Paul"]
[Result "1-0"]
[WhiteElo "2200"]
[BlackElo "1911"]
[PlyCount "61"]
[EventDate "2018.07.29"]
[EventType "swiss"]
[EventRounds "7"]
[EventCountry "GBR"]
[SourceTitle "CBM 185 Extra"]
[Source "ChessBase"]
[SourceDate "2018.06.29"]
[SourceVersion "1"]
[SourceVersionDate "2018.06.29"]
[SourceQuality "1"]

1. Nf3 d5 2. g3 Nf6 3. Bg2 e6 4. c4 Nbd7 5. d4 c5 6. cxd5 exd5 7. O-O Bd6 8.
Nc3 Nb6 9. Nb5 O-O 10. Nxd6 Qxd6 11. Bf4 Qe7 12. dxc5 Qxc5 13. Qd3 Bd7 14. Rfc1
Qb5 15. Qxb5 Bxb5 16. Nd4 Ba6 17. Bh3 Rfe8 18. Rc2 h6 19. b3 g5 20. Bc7 Nbd7
21. Rac1 Rac8 22. Nf5 Ra8 23. Nd6 Kg7 24. Nf5+ Kg6 25. Nd6 Re7 26. Bf5+ Kh5 27.
g4+ Nxg4 28. Rc3 Nxf2 29. Kxf2 Rxe2+ 30. Kg1 g4 31. Bxd7 1-0